Isabel de Aragão Rainha Santa (Registo nº 199042)
[ vista simples ]
| 000 -Etiqueta do registo | |
|---|---|
| Valores | 00831nam 22002413 4500 |
| 010 ## - Número ISBN | |
| ISBN | 972-27-0689-6 |
| 021 ## - Número do Depósito Legal | |
| Código do país | Portugal |
| Número | 182 070/02 |
| 100 ## - Dados gerais de processamento | |
| Dados gerais | 20251114d u||y0pory50 ba |
| 101 ## - Língua de publicação | |
| Língua | Português |
| 102 ## - País de publicação | |
| País | Portugal |
| 200 ## - Titulo e menção de responsabilidade | |
| Título próprio | Isabel de Aragão Rainha Santa |
| Primeira menção de responsabilidade | Vitorino Nemésio |
| Outras menções de responsabilidade | Prefácio de José Mattoso |
| 210 ## - Publicação | |
| Local de publicação | [Lisboa] |
| Nome do editor | Imprensa Nacional-Casa da Moeda |
| Data de publicação | 2002 |
| 215 ## - Descrição física | |
| Paginação / Volumes | 67, [9] p. |
| Outras indicações físicas | Brochado |
| Dimensões | 25 cm |
| 225 ## - Colecção | |
| Título próprio da colecção | Biblioteca de Autores Portugueses |
| Informação de outro título | Obras Completas de Vitorino Nemésio |
| Indicação de volume | Vol. X |
| 606 ## - Nome comum usado como assunto | |
| ID Autoridade | 7406 |
| Palavra de ordem | História |
| Subdivisão assunto | Biografias |
| 675 ## - CDU | |
| Notação | 929Isabel, Rainha Santa/NEM/ISA |
| Edição | PT |
| Língua | por |
| 700 ## - Autor principal (pessoa individual) | |
| ID Autoridade | 4142 |
| Apelido | Nemésio |
| Nome | Vitorino |
| Datas | 1901-1978 |
| 702 ## - Autor secundário (pessoa individual) | |
| ID Autoridade | 6614 |
| Apelido | Mattoso |
| Nome | José (prefaciador) |
| 801 ## - Fonte de origem | |
| País | PT |
| Agência | BMMN |
| Regras de catalogação | RPC |
| 830 ## - Notas gerais do catalogador | |
| Criado por | Carlos Pinto |
| Data de criação | 14-11-2025 |
| Indexado por | Carlos Pinto |
| 990 ## - Elementos KOHA | |
| Tipo de documento | Livro |
| Situação do levantamento | Biblioteca de origem | Código de barras | Cota | Permissão de empréstimo | Tipo de documento | Forma de aquisição |
|---|---|---|---|---|---|---|
| Escola Secundária de Montemor-o-Novo | 27733 | 929Isabel, Rainha Santa/NEM/ISA | Livro | Oferta |